000 00536nam a2200193Ia 4500
005 20250508150939.0
008 008 250505s9999 xx 000 0 eng d
037 _aTextual
040 _aFEDL
_beng
_cFEDL
041 _aeng
_2eng
084 _a746, HIR
_qFEDL
100 _aHird Anna L
_9758011
245 0 _aPrinciples and practice of needlework and dress making
250 _a3
260 _aLondon, UK
_bAnglo-Scottish Press Ltd.
_c1944
300 _a318p
942 _cTEXL
_h746, HIR
999 _c1326656
_d1326656